000
00207 a2200097 4500
020
_a
9789683905178
041
_a
spa
100
_a
Hollis, judi
245
_a
La obesidad es un problema familiar
942
_c
BK
999
_c
11241
_d
11241